Visualizzazione normale
Vista MARC
- Concina Carlo
di Personal Name
Records bibliografici associati: 1
001 - CONTROL NUMBER
- control field: 10703
003 - CONTROL NUMBER IDENTIFIER
- control field: IT-RoPau
005 - DATE AND TIME OF LATEST TRANSACTION
- control field: 20140126150649.0
008 - FIXED-LENGTH DATA ELEMENTS
- fixed length control field: 140126|| aca||aabn | a|a d
040 ## - CATALOGING SOURCE
- Original cataloging agency: IT-RoPau
- Transcribing agency: IT-RoPau
100 ## - HEADING--PERSONAL NAME
- Personal name: Concina Carlo
- Dates associated with a name: Codice autore musica SPICS: 13632
- Relator term: Autore musica
- Name of part/section of a work: Bondì mia Turin
670 ## - SOURCE DATA FOUND
- Source citation: Work cat.: (IT-RoPau)100104: AA.VV. 794, Sota i pont del Po